|
|
|
|
| LEADER |
00602nam a22001937a 4500 |
| 005 |
20151217143851.0 |
| 008 |
100318t xxu||||| |||| 00| 0 eng d |
| 020 |
|
|
|a 8173195412
|
| 080 |
|
|
|a 51:62
|b JAI
|
| 100 |
|
|
|a Jain, R K
|9 10345
|
| 245 |
|
|
|a Advanced engineering mathematics
|
| 250 |
|
|
|a Ed.2
|
| 260 |
|
|
|a New Delhi
|b Narosa
|c 2003
|
| 300 |
|
|
|a 1136p.
|
| 653 |
|
|
|a Engineering mathematics
|
| 700 |
|
|
|a Iyengar, S R K
|9 10346
|
| 942 |
|
|
|c BK
|6 _
|
| 999 |
|
|
|c 142702
|d 142702
|
| 952 |
|
|
|0 0
|1 0
|2 ddc
|4 0
|6 5162_JAI
|7 0
|9 181374
|a DST
|b DST
|d 2010-03-18
|l 2
|o 51:62 JAI
|p DST07602
|r 2015-12-07
|s 2015-09-09
|w 2013-06-19
|y BK
|